[Event "Goiania op"]
[Site "Goiania"]
[Date "2021.02.28"]
[Round "5"]
[White "Nobrega, Juliana Barbosa"]
[Black "Garcia, Gabriel Gonzaga"]
[Result "0-1"]
[WhiteElo "1713"]
[BlackElo "2165"]
[PlyCount "32"]
[EventDate "2021.02.26"]
[EventType "swiss"]
[EventRounds "6"]
[EventCountry "BRA"]
[SourceTitle "EXT 2022"]
[Source "ChessBase"]
[SourceDate "2021.10.06"]
[SourceVersion "1"]
[SourceVersionDate "2021.10.06"]
[SourceQuality "1"]

1. d4 Nf6 2. c4 e5 3. Nc3 exd4 4. Qxd4 Nc6 5. Qd1 Bb4 6. Bd2 0-0 7. Nf3 d5 8. e3 d4 9. exd4 Nxd4 10. Be3 Nxf3+ 11. Qxf3 Bg4 12. Qxb7 Rb8 13. Qxa7 Ne4 14. Qd4 Re8 15. Qxd8 Rbxd8 16. h3 Nxc3 0-1

[Event "Caldas Novas op 1st"]
[Site "Caldas Novas"]
[Date "2017.03.11"]
[Round "3"]
[White "Nobrega, Juliana Barbosa"]
[Black "Bocca, Edson Ricardo"]
[Result "0-1"]
[WhiteElo "1741"]
[BlackElo "1652"]
[PlyCount "34"]
[EventDate "2017.03.10"]
[EventType "swiss"]
[EventRounds "6"]
[EventCountry "BRA"]
[SourceTitle "CBM 177 Extra"]
[Source "ChessBase"]
[SourceDate "2017.04.27"]
[SourceVersion "1"]
[SourceVersionDate "2017.04.27"]
[SourceQuality "1"]

1. d4 d5 2. e3 Nc6 3. Nf3 Bf5 4. Nc3 Nb4 5. Bb5+ c6 6. Bd3 Qd7 7. a3 Nxd3+ 8. cxd3 f6 9. e4 dxe4 10. Nxe4 Bg6 11. Bf4 0-0-0 12. Qb3 e6 13. 0-0 Bf7 14. Qb4 Bxb4 15. axb4 b6 16. Ra4 Kb7 17. Rd1 Ne7 0-1